Геннадий Бурбулис - в зеркале мнений, идей, событий (Запись № 1762870)

Подробности
000 -МАРКЕР
контрольное поле 02067nam0a2200385 4500
001 - ИДЕНТИФИКАТОР ЗАПИСИ
контрольное поле RU\NLR\bibl\910185
005 - ИДЕНТИФИКАТОР ВЕРСИИ
контрольное поле 20260407134618.0
010 ## - МЕЖДУНАРОДНЫЙ СТАНДАРТНЫЙ НОМЕР КНИГИ (ISBN)
Номер (ISBN) 5-9234-0060-X
010 ## - МЕЖДУНАРОДНЫЙ СТАНДАРТНЫЙ НОМЕР КНИГИ (ISBN)
Номер (ISBN) 5-9234-0013-8
Тираж 300
Уточнения Серия "История идей - история людей"
021 ## - НОМЕР ГОСУДАРСТВЕННОЙ РЕГИСТРАЦИИ
Код страны Российская Федерация
Номер 2005-86747
Номер Листа государственной регистраци 4297
035 ## - ДРУГИЕ СИСТЕМНЫЕ НОМЕРА
Идентификатор записи (NLR Aleph) 000898537
100 ## - ДАННЫЕ ОБЩЕЙ ОБРАБОТКИ
Данные общей обработки 20060226d2005 |||y0rusy50 ca
101 0# - ЯЗЫК РЕСУРСА
Язык текста, звукозаписи и т.д. русский
102 ## - СТРАНА ПУБЛИКАЦИИ ИЛИ ПРОИЗВОДСТВА
Страна публикации Российская Федерация
105 ## - ПОЛЕ КОДИРОВАННЫХ ДАННЫХ: ТЕКСТОВЫЕ МАТЕРИАЛЫ, МОНОГРАФИЧЕСКИЕ
Кодированные данные о монографическом текстовом документе c |||||||||
200 1# - ЗАГЛАВИЕ И СВЕДЕНИЯ ОБ ОТВЕТСТВЕННОСТИ
Основное заглавие Геннадий Бурбулис - в зеркале мнений, идей, событий
Сведения, относящиеся к заглавию [сборник статей и выступлений
Первые сведения об ответственности Проект Гуманитарного и политологического центра "Стратегия"
Последующие сведения об ответственности сост. Б.М. Баланцев и др.]
210 ## - ПУБЛИКАЦИЯ, РАСПРОСТРАНЕНИЕ И ДР.
Место издания, распространения и т.д. Москва
Имя издателя, распространителя и т. д. Стратегия
Дата издания, распространения и т.д. 2005
215 ## - ФИЗИЧЕСКАЯ ХАРАКТЕРИСТИКА
Специфическое обозначение материала и объем 905, [6] с.
Другие сведения о физической характеристике портр.
Размеры 21
225 1# - СЕРИЯ
Основное заглавие серии Серия "История идей - история людей"
309 ## - ПРИМЕЧАНИЯ ОБ ОСНОВНОМ ИСТОЧНИКЕ ИНФОРМАЦИИ И ОБ ОСОБЕННОСТЯХ ПОЛИГРАФИЧЕСКОГО ОФОРМЛЕНИЯ ИЗДАНИЯ
Текст примечания На обл.: LX
320 ## - ПРИМЕЧАНИЯ О НАЛИЧИИ В ДОКУМЕНТЕ БИБЛИОГРАФИИ / УКАЗАТЕЛЯ
Текст примечания Библиогр. в подстроч. примеч.
327 1# - ПРИМЕЧАНИЯ О СОДЕРЖАНИИ
Текст примечания Кн. содерж. ст. и выступления Г.Э. Бурбулиса, его биогр. и ст. о нем
600 #1 - ИМЯ ЛИЦА КАК ПРЕДМЕТ
Начальный элемент ввода Бурбулис
Часть имени, кроме начального элемента ввода Г. Э.
Даты 1945 - 2022
Расширение инициалов личного имени Геннадий Эдуардович
Системный номер авторитетной/нормативной записи 2165936
Идентификатор авторитетной/нормативной записи RU\NLR\auth\661303227
607 ## - ГЕОГРАФИЧЕСКОЕ НАИМЕНОВАНИЕ КАК ПРЕДМЕТ
Географическое наименование СССР
Тематический подзаголовок Политические процессы
Хронологический подзаголовок 1980-ые гг.
Системный номер авторитетной/нормативной записи 2240038
Идентификатор авторитетной/нормативной записи RU\NLR\auth\661344184
607 ## - ГЕОГРАФИЧЕСКОЕ НАИМЕНОВАНИЕ КАК ПРЕДМЕТ
Географическое наименование Российская Федерация
Тематический подзаголовок Политические процессы
Системный номер авторитетной/нормативной записи 2073289
Идентификатор авторитетной/нормативной записи RU\NLR\auth\661248178
686 ## - ИНДЕКСЫ ДРУГИХ КЛАССИФИКАЦИЙ
Индекс Т3(2)74-8
686 ## - ИНДЕКСЫ ДРУГИХ КЛАССИФИКАЦИЙ
Индекс Ф3(2)3
702 #1 - ИМЯ ЛИЦА - ВТОРИЧНАЯ ОТВЕТСТВЕННОСТЬ
Начальный элемент ввода Баланцев
Часть имени, кроме начального элемента ввода Б. М.
Код отношения Составитель
712 02 - НАИМЕНОВАНИЕ ОРГАНИЗАЦИИ - ВТОРИЧНАЯ ОТВЕТСТВЕННОСТЬ
Код отношения Прочие
Начальный элемент ввода "Сохранение идей, история людей, история событий", проект
Идентифицирующий признак Российская Федерация
Системный номер авторитетной/нормативной записи 664507
Идентификатор авторитетной/нормативной записи RU\NLR\AUTH\8810081142
801 #0 - ИСТОЧНИК ЗАПИСИ
Страна Российская Федерация
Организация NLR
Дата составления 20060226
Правила каталогизации rcr
801 #1 - ИСТОЧНИК ЗАПИСИ
Страна Российская Федерация
Организация NLR
Дата составления 20060226
942 ## - ДОПОЛНИТЕЛЬНЫЕ ЭЛЕМЕНТЫ ЗАПИСИ (АБИС)
Тип экземпляра АБИС Книга
980 ## - КОЛЛЕКЦИЯ
Название коллекции Национальная библиография
Экземпляры
Тип экземпляра Дата поступления Источник поступления Библиотека постоянного хранения Библиотека текущего хранения Место хранения Шифр хранения Штрих-код Статус экземпляра
Книга 26.02.2006 Обязательный экземпляр РНБ (Московский) РНБ (Московский) Русский книжный фонд: издания с 1957 года 2006-3/5204 1-1535411  
Книга 26.02.2006 Обязательный экземпляр РНБ (Московский) РНБ (Московский) Русский книжный фонд: издания с 1957 года 2006-3/5204 2121234  
Книга 02.06.2006 Контрольный экземпляр из типографии РНБ (Московский) РНБ (Московский) Обменный фонд, без заказа   2206837  
Книга 02.06.2006 Контрольный экземпляр из типографии РНБ (Московский) РНБ (Московский) Выбыл из РНБ в другие организации (Обменный фонд)   2206838  
Книга 02.06.2006 Контрольный экземпляр из типографии РНБ (Московский) РНБ (Московский) Обменный фонд, без заказа   2206839